000 00488nam a2200145Ia 4500
008 100122s9999 xx 000 0 und d
082 _b51201
_a823
100 _aखेर भा द
245 _aपूर्णाहूती ( क.क्र.26/4 )
260 _bशशीदिप प्रकाशन
_c1995
300 _a347
630 _aपूर्णाहूती ( क.क्र.26/4 )
730 _aपूर्णाहूती ( क.क्र.26/4 )
942 _cBOOK
999 _c428665
_d428662